[Event "Hoogovens"]
[Site "Wijk aan Zee"]
[Date "1993.01.??"]
[Round "2"]
[White "Nikolic, Predrag"]
[Black "Shirov, Alexei"]
[Result "0-1"]
[WhiteElo "2630"]
[BlackElo "2670"]
[Annotator "Shirov,A"]
[PlyCount "82"]
[EventDate "1993.01.??"]
[EventType "k.o."]
[EventRounds "5"]
[EventCountry "NED"]
[SourceTitle "CBM 034"]
[Source "ChessBase"]
[SourceDate "1993.06.01"]
[SourceVersion "1"]
[SourceVersionDate "1993.06.01"]
[SourceQuality "1"]

1. d4 d5 2. c4 c6 3. Nf3 Nf6 4. Nc3 e6 5. Bg5 dxc4 6. e4 b5 7. e5 h6 8. Bh4 g5
9. Nxg5 hxg5 10. Bxg5 Nbd7 11. g3 Bb7 12. Bg2 Qb6 13. exf6 O-O-O 14. O-O c5 15.
d5 b4 16. Na4 Qb5 17. dxe6 Bxg2 18. Kxg2 Qc6+ 19. f3 Qxe6 20. Qc2 Ne5 21. Rae1
Rd4 22. h4 Bd6 23. a3 (23. Be3 Rdxh4 $1) (23. Re2 $5 Qd5 24. Qf5+ Kc7 25. Rfe1
$5 (25. Bf4 Re8 $13) 25... Nd3 26. Re7+ Bxe7 27. Rxe7+ Kc6 28. Qxd5+ Rxd5 29.
Rxf7 $13) 23... Qd5 $1 24. Qf5+ Kc7 $1 25. Re2 (25. Be3 $2 Nd3) (25. Bf4 Rxf4
$1 26. Qxf4 Nd3 27. Qe4 (27. Re7+ Kc6 28. Qe4 Rg8 $3 29. g4 Bxe7 30. fxe7 Qxe4
31. fxe4 Rxg4+ 32. Kf3 Rg8 $17) 27... Nxe1+ 28. Rxe1 Kc6 $1 $15) 25... Kc6 $3
$15 {/\ Nd3} (25... Nd3 $2 26. Qxd5 Rxd5 27. axb4 cxb4 28. Re4) 26. b3 $1 (26.
Be3 Nd3 27. Qg5 Re8 $1 $17) (26. Bf4 Rxf4 27. Qxf4 (27. gxf4 Nd3 $17) 27... Rg8
$1 28. Qe4 Nd3 $17 29. Kh1 $140 Rxg3 30. Qe8+ Kc7 31. Re7+ Bxe7 32. Qxe7+ Kc6
33. Qe8+ Qd7 34. Qa8+ Kb5 35. Qb8+ (35. Nc3+ bxc3 36. Qb8+ Ka4 37. Qxg3 cxb2
$19) 35... Kxa4 36. Qxg3 Nxb2 $17) 26... c3 $1 (26... cxb3 $6 27. axb4 cxb4 28.
Rc1+ Nc4 (28... Kb5 $2 29. Rc5+ $3 Bxc5 30. Rxe5 $18) 29. Qb1 $1 $40) 27. axb4
cxb4 28. Ra1 $1 Nd3 (28... Rd3 29. Nxc3 $3 bxc3 30. Ra6+ Kc7 31. Rxd6 Kxd6 32.
Rxe5 Qxf3+ 33. Qxf3 Rxf3 34. Re7 $13) 29. Qxd5+ Rxd5 $1 (29... Kxd5 30. Kh3 $1
Rc8 31. Rc2 $13) 30. Re4 $1 Kb5 31. Rc4 $1 Re8 $1 32. Ra2 $1 (32. Rxc3 $2 Re2+
33. Kf1 (33. Kg1 Be5 $19) 33... Rf2+ 34. Kg1 Rxf3 $19) 32... Ne1+ (32... Rde5
$2 33. Rd4) (32... Ree5 $5) 33. Kh3 Nxf3 34. Rxc3 $1 Nxg5+ 35. hxg5 Rh8+ (35...
Rxg5 36. Rd3 Rxg3+ (36... Re6 37. Rf2 {/\ Nb2-c4}) 37. Rxg3 Bxg3 38. Kxg3 Re3+
39. Kf4 Rxb3 40. Nc5 $3 Ra3 (40... Kxc5 41. Rxa7 $10) 41. Rc2 Rc3 (41... b3 42.
Nxb3 Rxb3 43. Rc7) 42. Rxc3 (42. Ra2 $10) 42... bxc3 43. Nd3 Kc4 44. Nc1 c2 45.
Ke5 Kc5 46. Nb3+ $10) 36. Kg2 bxc3 37. Nxc3+ Kc6 38. Nxd5 Kxd5 39. Rxa7 Ke6 40.
Ra4 $4 (40. Kf3 $1 Rh3 41. Kg4 Rxg3+ 42. Kh5 Rh3+ (42... Rxb3 43. Kh6 $10) 43.
Kg4 Rxb3 44. Ra6 (44. Ra5 $5 $10) 44... Rg3+ 45. Kh5 Kf5 46. Ra5+ Be5 47. Kh6
$10) 40... Rg8 $19 41. Rg4 (41. Ra5 Be5 42. Ra6+ Kf5 43. Ra7 Kg6 {/\ Rb8-+})
41... Be5 {/\Kf5-+} 0-1

[Event "Madrid"]
[Site "Madrid"]
[Date "1996.05.10"]
[Round "3"]
[White "Azmaiparashvili, Zurab"]
[Black "Shirov, Alexei"]
[Result "1/2-1/2"]
[WhiteElo "2660"]
[BlackElo "2690"]
[Annotator "Shirov,A"]
[PlyCount "83"]
[EventDate "1996.05.08"]
[EventType "tourn"]
[EventRounds "9"]
[EventCountry "ESP"]
[EventCategory "17"]
[SourceTitle "CBM 053"]
[Source "ChessBase"]
[SourceDate "1996.08.01"]
[SourceVersion "1"]
[SourceVersionDate "1996.08.01"]
[SourceQuality "1"]

1. d4 {Hecht Ftacnik Lutz} d5 2. c4 c6 3. Nf3 Nf6 4. Nc3 e6 5. Bg5 dxc4 6. e4
b5 7. e5 h6 8. Bh4 g5 9. Nxg5 hxg5 10. Bxg5 Nbd7 11. exf6 Bb7 12. g3 c5 13. d5
Qb6 14. Bg2 O-O-O 15. O-O b4 16. Rb1 Qa6 17. dxe6 Bxg2 18. e7 Bxf1 19. Qd5 {
This move, considered nearly the refutation of 13...Qb6 line in fact just
seems to lead to the draw according to the present game.} (19. Kxf1 $5 {
Lutz Kamsky,G-Kramnik,V/Dos Hermanas (04)/1996/1/2-1/2/ ; CBM 53}) 19... Bh6 (
19... Bxe7 20. fxe7 Rdg8 {,played by Kramnik against Kasparov, doesn't
equalise.} (20... Rdg8 {Ftacnik} 21. Ne4 Rg6 22. Rxf1 $2 (22. Qa8+ $1 Nb8 23.
Rxf1 Qc6 24. Rd1 $3 Qxa8 25. Rd8+ Kc7 26. Bf4+ Kb6 27. Rxh8 Re6 28. e8=Q Rxe8
29. Rxe8 Qd5 30. Rxb8+ Ka6 31. Nd2 $1 c3 32. bxc3 bxc3 33. Nb3 c4 34. Nc1 c2
35. h4 $18) 22... Qc6 23. Qxc6+ Rxc6 {1/2-1/2 Kasparov,G-Kramnik,V (01)/New
York PCA 25' (04)/1994/ (35)}) (20... Bd3 21. Ne4 Bxb1 22. Nd6+ Kc7 23. exd8=Q+
Rxd8 24. Nxf7 Re8 25. Bf4+ Kb6 26. Qd6+ Ka5 27. Qxd7 $16)) (19... Bd3 {Ftacnik}
20. Bf4 $3 Qb6 21. Na4 Qb5 22. exd8=Q+ Kxd8 23. Re1 $16) 20. Bxh6 {The latest
fashion. An old alternative is} (20. exd8=Q+ {played by Yermolinsky vs.
Ivanchuk in 1986. That game didn't prove any advantage for White.}) (20.
exd8=Q+ {Ftacnik} Kxd8 (20... Rxd8 $2 21. Bxh6 Bd3 22. Ne4 Bxb1 23. Nd6+ Kc7
24. Nxf7 Qc8 25. Qd6+ Kb7 26. Nxd8+ Qxd8 27. f7 $18) 21. Ne4 (21. Kxf1 bxc3 22.
bxc3 Kc7 $1 $17) (21. Rxf1 bxc3 22. Rd1 Qa4 $1 $17) 21... Bh3 (21... Bd3 22.
Nxc5 Qc8 23. Nxd3 cxd3 24. Rc1 Qb8 25. Qxf7 Qd6 26. Qe7+ $18) 22. Nxc5 Be6 23.
Nxe6+ fxe6 24. Qa8+ (24. f7+ Kc7 $1 25. Qd4 e5 26. Qh4 $13) 24... Qc8 25. Qxa7
Bxg5 26. Qa5+ Qc7 27. Qxg5 Qe5 $1 $10 {Yermolinsky,A-Ivanchuk,V/Pinsk/1986/0,5/
40/}) (20. Ne4 $2 {Ftacnik} Bxg5 21. exd8=Q+ Rxd8 22. Nxg5 Bd3 $17) 20... Bd3
21. Qa8+ (21. Ne4 {was played in Beliavsky,A-Shirov,A/Ljubljana Eurocup tt
1995 and it's not especially dangerous for Black.}) (21. exd8=Q+ {is bad
according to Yermolinsky because of} Kxd8 $1) (21. Ne4 $5 {Ftacnik} Bxe4 22.
Qxe4 (22. exd8=Q+ $6 Kxd8 23. Qxe4 Rxh6 $17) 22... Rde8 (22... Rxh6 $2 23. Qa8+
Nb8 24. exd8=Q+ Kxd8 25. Qxb8+ $18) 23. Bg7 $1 Rh5 24. Rd1 Qb5 $1 25. f4 $2 (
25. Qa8+ Nb8 26. Qe4 Nd7 $10) 25... c3 $1 {1/2-1/2 Beliavsky,A-Shirov,A/EUCup
f Ljubljana (03)/1995/ (40)}) 21... Nb8 22. exd8=Q+ Rxd8 23. Re1 $1 bxc3 (23...
Qb7 {Ftacnik} 24. Qxb7+ Kxb7 25. Re7+ Rd7 26. Ne4 Kc6 $14) (23... Qc6 $5 {
Ftacnik} 24. Qxa7 bxc3 25. bxc3 $44) 24. Bf4 Qb6 {The only move.} (24... Qb7 $2
25. Re7 $1 $18 {would be the point of White's idea.}) 25. bxc3 Bf5 26. h4 {
Lutz: Mit klarem Vorteil gemäß Yermolinsky. Dieses Urteil wird hier revidiert.}
(26. Re7 $2 {Ftacnik} Bh3) 26... Qb7 $1 {Until this move everything has been
played in the game Yermolinsky-D.Gurevich (USA (ch) 1994 which White won after}
(26... Be6 27. Kh2 (27. h5 Bd5 28. Qxb8+ Qxb8 29. Bxb8 Kxb8 30. Re7 Rh8 31. Re5
Be6 32. f4 Kc7 $1 33. Rxc5+ Kd6 34. Ra5 Rh6 $13) 27... Rd7 28. h5 {etc. The
text forces White to go for an ending which was considered lost for Black by
Yermolinsky but in fact is drawn.} (28. h5 {Lutz} Rb7 29. Bxb8 $2 (29. h6 Qb2
30. Kg1 Qxc3 31. Rxe6 $1 fxe6 32. Bxb8 Qf3 33. Bd6+ Kd7 34. Qxb7+ Qxb7 35. f7
$18 {Yermolinsky,A}) 29... Rxb8 $13 {1-0 Yermolinsky,A-Gurevich,D/USA (ch) 62/
473 1994} (29... Rxb8 {Ftacnik} 30. Qe4 Kc7 $2 31. Rd1 $1 Rh8 32. g4 $14 {
1-0 Yermolinsky,A-Gurevich,D/USA (ch) 62/473 1994 (63)}))) (26... Bd7 27. Rd1
Qb7 28. Qxb7+ Kxb7 29. Rb1+ Ka8 30. Rxb8+ (30. Bxb8 {Ftacnik} Rxb8 31. Rxb8+
Kxb8 32. Kg2 $1 Kc7 33. Kf3 Kd6 34. Kf4) 30... Rxb8 31. Bxb8 Kxb8 {wird von
Yermolinsky analysiert und führt zur Partie mit einem Zugpaar weniger.}) 27.
Qxb7+ Kxb7 28. Re7+ Rd7 29. Bxb8 (29. h5 Nc6 30. Rxd7+ Bxd7 31. h6 Bf5 32. g4
Bh7 33. Bd6 Kb6 34. f4 Kb5 35. f5 $14) (29. Kg2 Nc6 30. Rxd7+ Bxd7 31. Kf3 $14)
29... Kxb8 30. Rxd7 Bxd7 {Hecht: [#] Theorie-Endspiel aus Slawisch (B22),
aktiver wK, dynamisches Gleichgewicht} 31. Kg2 (31. f3 {Lutz} Kc7 32. g4 Kd6
33. h5 Ke5 34. g5 Bf5 35. f4+ Ke6 36. Kf2 Bh7 37. Ke3 Bg8 $10 {Yermolinsky,A})
31... Kc7 32. Kf3 Kd6 33. Kf4 Bc6 $3 {Such a move has to be found at home if
you play the Botvinnik variation! If White gets his king to g5 and the pawn on
f4 Black can only resign. The bishop maneuvre prevents this setup.  Lutz: Erst
dies ist eine Verbesserrung gegenüber der Analyse von Yermolinsky. Feld "f3"} (
33... Ke6 {Lutz} 34. Kg5 Bc6 35. f4 Be4 36. g4 Bh7 (36... a5 {Hecht} 37. f5+
Ke5 38. h5 $18) 37. f5+ Ke5 38. Kh6 Bxf5 39. gxf5 Kxf6 40. h5 $18 {Yermolinsky,
A}) 34. Kg5 Bf3 {Lutz: Die Pointe, der f-Bauer ist blockiert.} 35. Kf5 {
White can not get Black into zugzwang as the latter has space for his king.} (
35. h5 {Ftacnik} Ke5 (35... Ke6 36. g4 a5 37. a3 a4 (37... Ke5 $2 38. h6 Be4
39. f4+ Ke6 40. f5+ $18) 38. Kf4 Bd1 39. Kg5 Bf3 40. h6 Be4 41. f4 Bh7 42. f5+
Ke5 43. Kh4 Kxf6 44. Kh5 $10) 36. h6 Be4 37. f4+ Ke6 38. g4 Bh7 39. f5+ Ke5 40.
Kh5 Kxf6 41. Kh4 Ke5) 35... Kd5 36. g4 Kd6 (36... Be4+ {Ftacnik} 37. Kg5 Bf3
38. h5 Ke6 (38... Ke5 $2 39. h6 Be4 40. f4+ Kd5 41. f5 $18) 39. Kf4 Bd1 40. Kg5
Bf3 $10) 37. h5 Kd5 38. Kf4 (38. h6 $2 {Ftacnik} Be4+ 39. Kg5 Ke6 40. f4 Bh7
$19) 38... Bd1 39. Kg5 (39. h6 {Lutz} Bc2 40. Kg5 Bh7 41. f4 Ke6 42. f5+ Ke5 {
und der Ph6 blockiert den weißen König.}) 39... Bf3 {[#] White has improved as
much as he could but it's not enough.} (39... Ke6 $2 40. f4 Bc2 41. f5+ $18)
40. Kf4 (40. h6 $2 Be4 41. f4 Bh7 {would suddenly lose the game as the king
can not come to h6 anymore.}) 40... Bd1 41. Kg5 Bf3 42. Kf4 {Draw because of
triple repetition.} 1/2-1/2

[Event "Hoogovens"]
[Site "Wijk aan Zee"]
[Date "1996.01.16"]
[Round "3"]
[White "Ivanchuk, Vassily"]
[Black "Shirov, Alexei"]
[Result "1-0"]
[WhiteElo "2735"]
[BlackElo "2690"]
[Annotator "Shirov,A"]
[PlyCount "69"]
[EventDate "1996.01.13"]
[EventType "tourn"]
[EventRounds "13"]
[EventCountry "NED"]
[EventCategory "17"]
[SourceTitle "CBM 051"]
[Source "ChessBase"]
[SourceDate "1996.04.01"]
[SourceVersion "1"]
[SourceVersionDate "1996.04.01"]
[SourceQuality "1"]

1. d4 {Ftacnik} d5 2. c4 c6 3. Nc3 Nf6 4. Nf3 e6 5. Bg5 dxc4 6. e4 b5 7. e5 h6
8. Bh4 g5 9. Nxg5 hxg5 10. Bxg5 Nbd7 11. exf6 Bb7 12. g3 c5 13. d5 Qb6 14. Bg2
O-O-O 15. O-O b4 16. Na4 Qb5 17. a3 exd5 18. axb4 cxb4 19. Be3 Nc5 (19... Ne5 {
Ftacnik} 20. Qd4 (20. Bxa7 d4 21. Nb6+ Kc7 22. Bxb7 Kxb7 23. Qe2 Bd6 24. Rfc1
d3 25. Qe4+ Qc6 26. Rxc4 Nxc4 27. Qxc4 Qxc4 28. Nxc4 d2 29. Be3 Bxg3 30. Bxd2
Bxh2+ 31. Kg2 Be5 {1/2-1/2 Haba,P-Buturin,V/Litomysl op/1995/}) 20... Nc6 21.
Qg4+ Rd7 22. Rfd1 Ne5 23. Qf5 Bd6 24. Bd4 Nc6 25. Bc5 d4 26. Be4 Be5 27. Bxd4
Rhd8 28. Be3 Kc7 29. Rxd7+ Rxd7 30. Nc5 {1-0 Nikolic,P-Westerinen,H/Esbjerg/
1982/}) 20. Qg4+ Rd7 (20... Kb8 {Ftacnik} 21. Qd4 Nxa4 22. Qxa7+ Kc7 23. Rxa4
Ra8 24. Qxa8 Bxa8 25. Rxa8 c3 26. bxc3 bxc3 27. Bf4+ Kd7 28. Rd1 Ke6 29. Re1+
Kxf6 30. Be5+ Kg6 31. Bxh8 $16 {1-0 Agzamov,G-Chandler,M/Beograd/1982/ (40)})
21. Qg7 $3 {Ftacnik: Fascinating sacrifice born in the safety of the home
laboratory. Black's K will be the target of the active white pieces.} (21. Nxc5
Bxc5 22. Bxc5 Qxc5 23. Bh3 (23. Qg7 Rdd8 24. Qxf7 $14) 23... Rhd8 24. Qg7 Kc7
25. Bxd7 Rxd7 $44) 21... Bxg7 22. fxg7 Rg8 (22... Rhd8 23. Nxc5 Rc7 24. Bh3+
Kb8) 23. Nxc5 d4 {Ftacnik: Very resourceful, but even without this original
trick position is not so clear.} (23... Rc7 24. Nxb7 (24. Bh3+ {Ftacnik} Kb8
25. Ne6 fxe6 26. Bxa7+ Kc8 27. Bxe6+ Kd8 28. Bxg8 Rxg7 29. Be6 $13) 24... Rxb7
(24... Qxb7 25. Bh3+ (25. Rfd1 {Ftacnik} Qc6 (25... Rxg7 26. Rxd5 $18) 26. Rxd5
Qe6 27. Bf4 $40) 25... Kb8 26. Bxa7+ Qxa7 27. Rxa7 Kxa7 $17) 25. Rfd1 Rd7 (
25... Rxg7 $2 {Ftacnik} 26. Rxd5 Qe8 27. Rc5+ $18) 26. Bd4 $16 {/\
h2-h4-h5-h6-h7} (26. Bh3 Rxg7 27. Rxa7 f5 28. Bxf5 Kb8 29. Bxd7 Rxd7 30. Raa1
$13)) (23... f5 24. Rxa7 $1 (24. Nxd7 $6 Qxd7 25. Bd4 Rxg7 $14) 24... Rgxg7 (
24... Rdxg7 25. Rfa1 $18) 25. Rfa1 $18) (23... Rxg7 24. Bh3 $1 Bc6 25. Rxa7 $18
) (23... Bc6 24. Ra6 {/\25.Rfa1+-}) 24. Bxb7+ Rxb7 25. Nxb7 Qb6 (25... Kxb7 26.
Bxd4 a5 27. Rfe1 $18) (25... Qxb7 {Ftacnik} 26. Bxd4 a6 27. Rfe1 $14) 26. Bxd4
$3 (26. Bf4 Kxb7 27. Rfe1 a5 $1 $13) 26... Qxd4 27. Rfd1 Qxb2 (27... Qxd1+ 28.
Rxd1 Kxb7 29. Rd4 Rxg7 30. Rxc4 a5 31. Rf4 $1 Kb6 32. h4 Kb5 33. b3 $18) (27...
Qxg7 28. Rxa7 Kb8 29. Rda1 Re8 (29... Qd4 30. Na5 $3 Qc5 31. Rb7+ Kc8 32. Rxf7
$18) 30. Nd6 Re1+ 31. Rxe1 Kxa7 32. Nxc4 $16) (27... Qg4 $5 {Ftacnik} 28. Nd6+
Kb8 29. Rd5 c3 $1 (29... Rxg7 $2 30. Rc5 $16) 30. bxc3 bxc3 31. Rb5+ Kc7 (31...
Ka8 32. Rb7 $18) 32. Ra6 c2 33. Rb7+ Kd8 34. Nxf7+ Ke8 35. Nd6+ Kd8) 28. Nd6+
Kb8 (28... Kc7 {Ftacnik} 29. Rxa7+ Kc6 30. Nxc4 $40) 29. Rdb1 Qxg7 $2 (29...
Qd2 30. Nxc4 Qc3 31. Ra4 $1 (31. Ne3 $2 Qc5 32. Ra4 a5 33. Rba1 b3) 31... b3
32. Na5 $1 (32. Ne3 Ka8 33. Ra3 Qxg7 34. Raxb3 $14) 32... Ka8 (32... b2 33.
Rb4+ Ka8 34. R4xb2 $18) 33. Ra3 $1 (33. Rxb3 Qe1+ 34. Kg2 Qd1 $1) 33... Qxg7
34. Nc6 Kb7 35. Nxa7 $18) (29... Qc3 30. Rxa7 $1 Kxa7 (30... Rxg7 31. Rb7+ Ka8
32. R7xb4 $18) 31. Nb5+ Ka6 32. Nxc3 bxc3 33. Rb4 $1 $18) 30. Rxb4+ Kc7 (30...
Ka8 {Ftacnik} 31. Rba4 (31. Ra5 $14) 31... f6 32. Nb5 $40) 31. Ra6 $1 {Ftacnik:
The beautiful position illustrating the might of coordination in chess. Black
heavy pieces are hidden in the corner and the K is in flames.} Rb8 (31... Qe5 {
Ftacnik} 32. Rb7+ Kd8 33. Raxa7 $18) (31... Ra8 {Ftacnik} 32. Rb7+ Kd8 33.
Nxf7+ Ke8 34. Nd6+ $18) 32. Rxa7+ (32. Rxc4+ Kd7 33. Nf5 Qb2) 32... Kxd6 33.
Rxb8 Qg4 (33... c3 34. Rc8 $18) 34. Rd8+ Kc6 35. Ra1 (35. Rxf7 c3 36. Rf4 $18)
1-0

[Event "Reykjavik zt"]
[Site "Reykjavik"]
[Date "1995.??.??"]
[Round "10"]
[White "Hansen, Curt"]
[Black "Tisdall, Jonathan D"]
[Result "1/2-1/2"]
[WhiteElo "2630"]
[BlackElo "2470"]
[Annotator "Tisdall,J"]
[PlyCount "61"]
[EventDate "1995.03.??"]
[EventType "swiss"]
[EventRounds "11"]
[EventCountry "ISL"]
[SourceTitle "CBM 047"]
[Source "ChessBase"]
[SourceDate "1995.08.01"]
[SourceVersion "1"]
[SourceVersionDate "1995.08.01"]
[SourceQuality "1"]

{This tenth round game pitted the event's two undefeated players against each
other, and was, I think, one of the best of the event. Curt's result was the
mirror image of mine, an amazing two draws and seven wins!} 1. c4 c6 2. Nc3 d5
3. d4 Nf6 4. Nf3 e6 5. Bg5 dxc4 6. a4 Bb4 7. e4 c5 8. Bxc4 cxd4 9. Bb5+ $5 {
A new idea I believe, which first appeared a few rounds earlier when Hannes
Stefansson tried it against me.} Nc6 10. Nxd4 Bd7 $5 {In the days since the
Stefansson game Einar Gausel and I had decided that this move deserved serious
testing. Against Stefansson I simply tried to neutralize the novelty, and the
game was short but interesting:} (10... O-O $5 11. Nxc6 (11. Bxc6 bxc6 12. Nxc6
Bxc3+ 13. bxc3 Qc7) 11... Qxd1+ $1 12. Rxd1 bxc6 13. Bxc6 Rb8 14. e5 $6 Ng4 15.
Bf4 Ba5 $1 {and black recovered the sacrificed pawn with a slight initiative.
It seemed certain that Curt planned to deviate on move 14. Even though I had
no particular fear there, experience demanded that I switch lines.}) 11. O-O h6
12. Be3 O-O $1 (12... Bxc3 13. bxc3 Nxe4 14. Qg4 {is far too risky for black.
Before the game we had feared} Ng5 15. h4 $5 {but} (15. Rad1 $1 {is probably
simpler and stronger.})) 13. f3 Ne5 {Planning ...Rc8 and ...Nc4.} 14. Nc2 Bxc3
15. bxc3 Qc7 16. Bd4 Rfd8 17. Ne3 a6 $6 {This move leads to very interesting
play, but I would rate it as dubious nonetheless. There was no reason to
create weaknesses on the queenside, but I also wanted to create tactical
pressure on the h1-a8 diagonal.} 18. Be2 Bc6 19. Qb3 Ng6 $5 (19... Ned7 {
was possible but I did not want to defend. What follows now is hard to believe,
but I trusted my intuition and form.}) 20. Bb6 {Hansen suggested the quiet} (
20. Rf2 {after the game, simply avoiding the coming complications, but the
bait was too much, and he couldn't believe black's coming attack. Besides, his
tournament form gave every reason for optimism.}) 20... Qf4 $1 21. g3 Qg5 22.
f4 {[#]Not just protecting the Ne3, but embarrassing the queen. I could hear
members of the audience muttering that I had to resign, but now the fun starts.
} Nxf4 {It's hard to give a forced move any exclamation marks. In fact the
whole concept arose as a result of my inaccurate 17th move, but certainly some
of black's moves around here deserve a little extra credit.} 23. Rxf4 Nxe4 {
Threatening ...Nxg3 with a huge attack.} 24. Nf1 (24. Rg4 $5 {was interesting,
when Curt had overlooked the wicked} Nc5 $3 {Now there are many confusing ways
to reach strange endings:} 25. Rxg5 (25. Bxc5 $5 Qxc5 26. Kf2 {may be white's
best, but with two pawns and long term attacking chances, black's compensation
convinced Hansen after the game.}) 25... Nxb3 26. Rb1 (26. Bxd8 Nxa1 $1) 26...
Nd2 (26... Rd2 27. Re5) 27. Rd1 Nf3+ (27... Bxa4 28. Ra1 $1) (27... hxg5 $5 28.
Bxd8 Rxd8 29. Nc4 Bf3 (29... Bxa4 30. Rxd2 Rxd2 31. Nxd2) 30. Kf2 Ne4+ (30...
Bxe2 $5 31. Kxe2 Rc8 32. Nxd2 Rxc3) 31. Kxf3 Rxd1 32. Bxd1 Nxc3 {poses few
dangers for black.}) 28. Bxf3 Rxd1+ 29. Bxd1 (29. Nxd1 Bxf3) 29... hxg5 {
with white advantage.}) 24... Qe5 $1 {With threats on the e-file, the h8-a1
diagonal, and the possibility of ...Ng5.} 25. Bf3 {Not} (25. Bxd8 $4 Qc5+ $1 {
winning the queen for a start.}) 25... Nxc3 {Black has grabbed a third pawn
and now both white rooks are in danger.} 26. Bxd8 (26. Bd4 $5 {was the last
clear chance for an advantage, planning} Ne2+ (26... Rxd4 27. Qxc3 {favors
white.}) 27. Bxe2 Rxd4 (27... Qxe2 28. Ne3 {is winning for white - both
black's king and queen are in real danger.}) 28. Qb2 $1 {looks good for white,
however} Re4 $1 {again forces a very unclear ending.}) 26... Rxd8 27. Rc1 $1 {
White now finds the best way to neutralise black's attack.} Rd3 28. Qc4 Rxf3
29. Rxf3 Ne2+ 30. Kf2 Nxc1 $1 (30... Bxf3 $6 31. Re1) 31. Qxc1 (31. Rc3 $2 Na2
$1 {and black consolidates his position with both attack and material
advantage. Here Curt offered a draw which I decided was the correct result,
though black is certainly in no danger. After}) (31. Qxc1 Bxf3 32. Kxf3 Qd5+ (
32... Qf5+ $6 33. Qf4) 33. Kf2 Qd4+ 34. Ne3 Qxa4 35. Qc8+ Kh7 36. Qxb7 {
black will find it impossible to both protect his king and advance any passed
pawns. I offer this gamein defence of my ultra-solid result, which was not as
dull as it looked.}) 1/2-1/2

[Event "Sarajevo"]
[Site "Sarajevo"]
[Date "1980.03.27"]
[Round "3"]
[White "Uhlmann, Wolfgang"]
[Black "Nikolic, Predrag"]
[Result "1-0"]
[WhiteElo "2510"]
[BlackElo "2330"]
[Annotator "Uhlmann,W"]
[PlyCount "117"]
[EventDate "1980.03.16"]
[EventType "tourn"]
[EventRounds "15"]
[EventCountry "YUG"]
[EventCategory "8"]
[SourceTitle "EXT 2002"]
[Source "ChessBase"]
[SourceDate "2001.11.25"]
[SourceVersion "1"]
[SourceVersionDate "2001.11.25"]
[SourceQuality "1"]

1. c4 {The game was postponed.} c6 2. d4 d5 3. Nf3 Nf6 4. Nc3 e6 5. Bg5 dxc4 6.
e4 b5 7. e5 h6 8. Bh4 g5 9. Nxg5 Nd5 10. Nf3 $1 (10. Nxf7 $1) 10... Qa5 11. Rc1
Bb4 12. Qd2 Nd7 13. Be2 Nxc3 (13... N7b6 14. O-O Na4 15. Bf6 $1 Rf8 16. Qxh6
Naxc3 17. bxc3 Nxc3 18. Rc2 $16) 14. bxc3 Ba3 15. Rc2 (15. Rb1 $6 Nb6 {/\ Nd5})
15... b4 16. Bxc4 Nb6 17. Qd3 $2 (17. Qf4 $3 Nxc4 18. Qf6 O-O 19. Qxh6 $18)
17... bxc3 18. O-O Bb2 19. Bf6 Rf8 20. Nd2 $1 Nxc4 21. Qxc4 Qb5 22. Rb1 $1 {
[/\ Rxc3]} cxd2 23. Qxb5 cxb5 24. Rcxb2 Bb7 25. Rxd2 Rg8 26. f3 $1 (26. g3)
26... Bxf3 27. Rxb5 Rc8 28. Rc5 (28. h3 $142) 28... Kd7 $1 (28... Rxc5 29. dxc5
Bd5 30. c6 Rg4 31. Rc2 Rc4 32. Rxc4 Bxc4 33. a3 Bd5 34. c7 Kd7 35. Bd8 {
/\ g4, Kf2-g3, h4-h5, g5+-_|_}) 29. h3 h5 30. Ra5 $1 Rc7 31. Kh2 Bd5 32. Ra6
Kc8 33. Rb2 Rb7 34. Rc2+ Rc7 35. Rf2 Kb7 36. Rd6 Rc6 37. Be7 $1 Rc3 38. Bh4 $1
Ra3 39. Rxf7+ Kc8 $1 (39... Kb8 $2 40. Rxd5 $1 exd5 41. e6 Kc8 (41... Rxa2 42.
Bg3+ Kc8 43. Rc7+ Kd8 44. e7+ Ke8 45. Rc8+ $18) 42. e7 Re8 43. Rf5 Ra5 44. Rxh5
$18) 40. Rf2 $1 Bxa2 (40... Rxa2 $2 41. Rxd5 $1 Rxf2 42. Rc5+ $18) 41. Rc2+ Kb8
42. Be7 $1 Ra4 43. Rd7 Bd5 44. Bd6+ Ka8 45. Bc5 Be4 46. Rb2 Ra5 47. Re7 $1 Bf5
(47... Bd5 48. Rh7 $18) 48. Bd6 $1 Ra6 49. Rg7 $1 Rh8 (49... Rxg7 50. Rb8#) 50.
Rbb7 Ra2 51. Rbe7 $1 Rc8 52. Bc5 Rh8 53. Kg3 $1 Be4 54. Kh4 $1 Bxg2 55. Rxe6
Be4 56. Ree7 Rf2 57. Rxa7+ Kb8 58. Bd6+ Kc8 59. e6 1-0